000 00942nam a22002177a 4500
005 20250423150255.0
008 250423b |||||||| |||| 00| 0 eng d
020 _a978-81-967793-5-1 (hbk)
037 _cTB
040 _aCRL
_cCRL
041 _2hin
_ahin
084 _aO152,1H50:g R4
_qCRL
100 _aझा, कमलानन्द
_9752811
245 _aविद्यापति:
_bराज काज समाज
260 _aगाज़ियाबाद, भारत:
_bअंतिका प्रकाशन प्राइवेट लिमिटेड,
_c2024.
300 _a208पृ.
365 _b625.00
_cINR
650 _2विद्यापति
942 _2CC
_cTB
_hO152,1H50:g R4
_n0
999 _c1309318
_d1309318